000 00521nam a22001577a 4500
999 _c61470
_d61470
005 20240318145548.0
008 240318s1967 ru ||||| |||| 00| 0 rus d
041 _arus
080 _a902.2(38) C-47
100 _aСлавин, Л.М.
_921409
245 _aЗдесь был город Ольвия /
_c Л. М. Славин.
300 _a 78 c.:
_bил.;
_c20 см.
440 _aНаучно-популярная литература
_921436
653 _aარქეოლოგია
942 _2udc
_cᲬᲘᲒᲜᲘ